| 000 | 00612nam a2200217Ia 4500 | ||
|---|---|---|---|
| 008 | 191130s2007##################000#0#eng## | ||
| 020 | _a9781412929905 | ||
| 022 | _a2006937331 | ||
| 040 |
_aACL _cACL |
||
| 082 | _a302.23 DEV | ||
| 100 | _aDevereux, Eoin | ||
| 245 |
_aUnderstanding the media _cEoin Devereux |
||
| 250 | _a2nd ed | ||
| 260 |
_aThousand Oaks, CA _bSAGE Publications _c2007 |
||
| 300 | _axvi, 259 p. : ill. ; 24 cm | ||
| 500 | _aIncludes bibliographical references and index | ||
| 650 | _aMass media | ||
| 990 | _aaa83e618ac10000c7c28f7a284b38e21 | ||
| 991 | _a220585 | ||
| 999 |
_c85994 _d85994 |
||